000 00639cab a2200241 4500
001 WB3508-28
008 090401t1999 xxu||||| |||| 00| 0 eng d
035 _a(Sirsi) u91612
041 _aeng
245 _aCommunity involvement in land use
260 _c1999
350 _a0
490 _aScotsman
_v25 February 1999, 28(1)
520 _aLandowners are concerned about community involvement in the Scottish Land Reform Group proposals.
650 _aCOMMUNITY PLANNING
650 _aLAND REFORM
650 _aLAND TENURE
650 _aREFORM
650 _aSCOTLAND
690 _aLAND
942 _n0
948 _c25/02/1999
999 _c58174
_d58174